000 00488nam a2200181Ia 4500
005 20250508154910.0
008 008 250505s9999 xx 000 0 hin d
037 _aTextual
040 _aFEDL
_beng
_cFEDL
041 _ahin
_2hin
084 _a910.4, NAG
_qFEDL
100 _aNagendra
245 0 _aTantralok se yantralok tak
260 _aDelhi, India
_bNational Publishing House
_c1968
300 _a76p.
942 _cTEXL
_h910.4, NAG
999 _c1352699
_d1352699